000 00752nam a2200217 a 4500
001 65707
003 BD-RjUL
005 20211209081444.0
008 170309s1963 bg |||| |||| 000 0 ben d
035 _a(BD-RjUL)65837
040 _aBD-RjUL
_bben
_cBD-RjUL
_dBD-RjUL
041 _aben
082 _223
_a891.443
_bIST 1963
100 1 _aইসলাম, মযহারুল
_9179261
245 1 0 _aতাল তমাল /
_cমযহারুল ইসলাম
260 _aঢাকা :
_bইষ্টবেঙ্গল পাবলিশার্স,
_c১৯৬৩
300 _a১১২ পৃ. ;
_c২১ সেমি,
650 _aবাংলা ছোটগল্প
_9170454
650 _aBengali Shortstories
_9192809
942 _2ddc
_cBK
999 _c65707
_d65707